Watery Africa Quiz Stats

 Plays Quiz not verified by Sporcle

Score 0/20 Timer 10:00
0 Plays Today
% Correct
Democratic
Republic
of the Congo (1)
87.8%
Tanzania (16)
87.1%
Nigeria (4)
80.1%
Uganda (18)
74.5%
Cameroon (5)
70.6%
Rep. Congo (2)
68.5%
Ghana (20)
65.7%
Angola (11)
65.6%
Zambia (14)
64.7%
Gabon (9)
62.9%
% Correct
Côte d'Ivoire (17)
62.2%
Central African Republic (12)
57.6%
Mozambique (7)
54.4%
Egypt (19)
54.3%
Ethiopia (13)
46.2%
Madagascar (3)
39.4%
Guinea (6)
38.9%
Sierra Leone (10)
28.9%
Liberia (8)
27.3%
Mali (15)
24.6%

You're not logged in!

Compare scores with friends on all Sporcle quizzes.
OR
Log In

Show Comments

Extras

Top Quizzes Today


Score Distribution

Your Account Isn't Verified!

In order to create a playlist on Sporcle, you need to verify the email address you used during registration. Go to your Sporcle Settings to finish the process.

Report this User

Report this user for behavior that violates our Community Guidelines.

Details: